| 000 | 00477nam a2200157Ia 4500 | ||
|---|---|---|---|
| 999 |
_c20136 _d20136 |
||
| 003 | OSt | ||
| 005 | 20200610122856.0 | ||
| 008 | 190216s9999||||xx |||||||||||||| ||und|| | ||
| 040 | _coclc | ||
| 082 |
_a297 _bSAB/S |
||
| 100 |
_aSabai, Mustafa _92395 |
||
| 245 | 0 |
_aSome Glittering Aspects Of The Islamic Civilisation / _cMustafa Sabai |
|
| 260 |
_bHindustan Publishing Co, _c1983. _aDelhi: |
||
| 300 | _a264p | ||
| 942 |
_cBK _2ddc _h297 _iSAB/S _k297 _mSAB/S |
||